000 00492nam a2200133Ia 4500
008 220615s9999||||xx |||||||||||||| ||und||
020 _a9783110000000
100 _aPapageorgiou, Kyriaki||Kokshagina, Olga
245 0 _aEnvisioning the Future of Learning for Creativity, Innovation and Entrepreneurship
546 _aEnglish[eng]
650 _aFuture of learning||immersive learning||creativity||innovation||entrepreneurship
856 _uhttps://doi.org/10.1515/9783110752205
942 _cEB
999 _c17282
_d17282